000 01101nam0a22003131 4500
001 v19\rc\1283443
005 20250618011753.0
035 _a(NLR Aleph) 004433135
090 _a4296108
_c4296108
100 _a20060306d1840 |||y0rusy50 ca
101 1 _arus
_cfre
102 _aRU
105 _aa z |||||
200 1 _aРазговоры Эмилии о нравственных предметах
_eПер. с фр.
210 _aСанкт-Петербург
_cтип. Х. Гинце
_d1840
215 _a278 с., 1 л. фронт. (ил.), 2 л. ил.
_d18
300 _aАвт. установлен по изд.: Catalogue de la Bibliotheque. Nationale. Т. 47. С. 709
700 1 _7ca
_8rus
_aЭпине
_bЛ.Ф. д'
_f1726-1783
_gЛуиза Флоранс д'
_9180929
_3RU\NLR\AUTH\770180980
801 0 _aRU
_bNLR
_gpsbo
801 0 _aRU
_bRuMoRGB
_2psbo
801 1 _aRU
_bProSoft-M
_2rusmarc
852 _aNLR
_j18.76.4.32
899 _aRuMoRGB
_jМК
899 _aRuMoRGB
_jU 110/365
899 _aRuMoRGB
_j810-87/596-8
899 _aБАН
942 _cBOOK
980 _aNB